|
|
|
|
| LEADER |
01145nam a2200301 a 4500 |
| 001 |
1523 |
| 003 |
BD-DhAAL |
| 005 |
20150420121401.0 |
| 008 |
150420s1994 caua b 001 0 eng |
| 010 |
|
|
|a 93031226
|
| 020 |
|
|
|a 0803946953
|
| 020 |
|
|
|a 0803946961 (pbk.)
|
| 040 |
|
|
|a DLC
|c DLC
|d DLC
|d BD-DhAAL
|
| 050 |
0 |
0 |
|a HV1461
|b .P79 1994
|
| 082 |
0 |
0 |
|a 362.6/3/0973
|2 20
|
| 245 |
0 |
0 |
|a Providing community-based services to the rural elderly /
|c John A. Krout, editor.
|
| 260 |
|
|
|a Thousand Oaks, Calif. :
|b Sage Publications,
|c c1994.
|
| 300 |
|
|
|a xiii, 311 p. :
|b ill. ;
|c 23 cm.
|
| 490 |
1 |
|
|a Sage focus editions ;
|v 165
|
| 504 |
|
|
|a Includes bibliographical references (p. 277-292) and indexes.
|
| 541 |
|
|
|e 1523
|
| 650 |
|
0 |
|a Rural elderly
|x Services for
|z United States.
|9 10582
|
| 650 |
|
0 |
|a Rural elderly
|z United States.
|9 10583
|
| 700 |
1 |
|
|a Krout, John A.
|9 10584
|
| 830 |
|
0 |
|a Sage focus editions ;
|v vol. 165.
|9 10585
|
| 942 |
|
|
|2 ddc
|c BK
|
| 999 |
|
|
|c 34281
|d 34281
|
| 952 |
|
|
|0 0
|1 0
|2 ddc
|4 0
|6 362_630973000000000_PRO
|7 0
|9 53521
|a SCL
|b SCL
|c GEN
|d 2015-04-20
|e Gift: The Asia Foundation
|l 0
|o 362.630973 PRO
|p 3020001523
|r 2015-04-20
|t 1
|w 2015-04-20
|y BK
|